[Event "FRA-chT"]
[Site "FRA"]
[Date "1998.04.02"]
[Round "4"]
[White "Sorin, Maxime"]
[Black "Mora, Virginie"]
[Result "1/2-1/2"]
[WhiteElo "2250"]
[BlackElo "2130"]
[PlyCount "41"]
[EventDate "1998.02.06"]
[Source "ChesBase"]
[SourceDate "1998.07.07"]

1. e4 c5 2. Nf3 d6 3. d4 cxd4 4. Nxd4 Nf6 5. Nc3 e6 6. g4 h6 7. h4 Nc6 8. Rg1
Qa5 9. Nb3 Qd8 10. g5 hxg5 11. hxg5 Nh5 12. g6 Nf6 13. gxf7+ Kxf7 14. Be3 Ne5
15. Qe2 a6 16. a4 b6 17. f4 Ned7 18. O-O-O Qe7 19. Qg2 Kg8 20. Qg6 Bb7 21. Nd4
1/2-1/2

[Event "FRA-chT"]
[Site "FRA"]
[Date "1998.04.02"]
[Round "4"]
[White "Szabolcsi, Janos"]
[Black "Weill, Roland"]
[Result "1-0"]
[WhiteElo "2390"]
[BlackElo "2300"]
[PlyCount "107"]
[EventDate "1998.02.06"]
[Source "ChesBase"]
[SourceDate "1998.07.07"]

1. d4 d6 2. Nf3 Bg4 3. g3 Bxf3 4. exf3 e6 5. Bg2 c6 6. O-O Nd7 7. c4 Ne7 8. Nc3
d5 9. b3 g6 10. Re1 Bg7 11. cxd5 Nxd5 12. Ne4 O-O 13. Ba3 c5 14. Nxc5 Nxc5 15.
Bxc5 Re8 16. Qd2 Qf6 17. Rad1 Red8 18. f4 Rd7 19. a4 b6 20. Ba3 Rad8 21. Re5 a5
22. Bxd5 Rxd5 23. Rxd5 Rxd5 24. Bb2 Qd8 25. Qe3 Qd7 26. Qc3 Rc5 27. Qd3 Rd5 28.
Qa6 Qd8 29. Rc1 Bf8 30. Rc6 Qf6 31. Rxb6 Qf5 32. Qe2 h5 33. Rb8 Kg7 34. Rb5 Kh7
35. Bc3 h4 36. Bxa5 Rxb5 37. axb5 Qb1+ 38. Qf1 Qxb3 39. Bd8 hxg3 40. hxg3 Bg7
41. Bb6 Qd5 42. Qd3 Bf8 43. Bc7 f6 44. Bb6 e5 45. Qe3 exf4 46. Qxf4 Qxb5 47.
Qxf6 Bg7 48. Qh4+ Kg8 49. Bc5 Qd7 50. Qe4 Kf7 51. d5 Bf6 52. Kg2 Bd8 53. Qf3+
Ke8 54. Qf8# 1-0

[Event "FRA-chT"]
[Site "FRA"]
[Date "1998.04.02"]
[Round "4"]
[White "Tirard, Hugo"]
[Black "Marzolo, Cyril"]
[Result "1/2-1/2"]
[WhiteElo "2380"]
[BlackElo "2355"]
[PlyCount "111"]
[EventDate "1998.02.06"]
[Source "ChesBase"]
[SourceDate "1998.07.07"]

1. e4 c5 2. Nf3 Nc6 3. d4 cxd4 4. Nxd4 g6 5. c4 Bg7 6. Be3 Nf6 7. Nc3 O-O 8.
Be2 b6 9. O-O Bb7 10. Nc2 d6 11. f3 Qb8 12. Qd2 Rd8 13. Rfd1 Rd7 14. Rac1 Qf8
15. b4 e6 16. Nb5 Rad8 17. Ncd4 h6 18. Nxc6 Bxc6 19. Qc2 Bxb5 20. cxb5 d5 21.
e5 Ne8 22. Qb2 d4 23. Bf4 d3 24. Bf1 Rd4 25. Bg3 h5 26. Rc8 Qe7 27. Qc3 h4 28.
Bf2 Bxe5 29. Rxd8 Qxd8 30. Rxd3 Rxd3 31. Qxd3 Qc7 32. Bxh4 Bxh2+ 33. Kh1 Be5
34. Qe4 Nf6 35. Qc4 Nd5 36. a3 Qd7 37. Qc6 Qc7 38. Bd3 Kg7 39. Be4 Ne3 40. Qxc7
Bxc7 41. Bf2 Nc4 42. Bd3 Nd6 43. Kg1 e5 44. Kf1 Kf6 45. Ke2 Ke6 46. a4 Kd5 47.
a5 e4 48. fxe4+ Nxe4 49. Be3 Ng3+ 50. Kf3 Nf5 51. Bf2 Nd4+ 52. Kg4 bxa5 53.
bxa5 Bxa5 54. Kg5 Bd8+ 55. Kh6 Bb6 56. Be1 1/2-1/2

[Event "FRA-chT"]
[Site "FRA"]
[Date "1998.04.02"]
[Round "4"]
[White "Vaisser, Anatoli"]
[Black "Bricard, Emmanuel"]
[Result "1/2-1/2"]
[WhiteElo "2595"]
[BlackElo "2450"]
[PlyCount "122"]
[EventDate "1998.02.06"]
[Source "ChesBase"]
[SourceDate "1998.07.07"]

1. d4 e6 2. c4 Nf6 3. Nc3 d5 4. cxd5 exd5 5. Bg5 Be7 6. e3 O-O 7. Bd3 Nbd7 8.
Nge2 Re8 9. O-O c6 10. Qc2 Nf8 11. f3 Nh5 12. Bxe7 Qxe7 13. e4 dxe4 14. fxe4
Be6 15. Rf2 Nf6 16. h3 Rad8 17. Raf1 Ng6 18. a3 c5 19. e5 Nd5 20. Nxd5 Bxd5 21.
Nf4 Nxf4 22. Bxh7+ Kh8 23. Rxf4 cxd4 24. Rxd4 Bxg2 25. Rxd8 Rxd8 26. Qxg2 Kxh7
27. Qe4+ Kg8 28. Qf5 Qc5+ 29. Rf2 Qd5 30. Re2 Qd1+ 31. Kf2 Re8 32. Qe4 Re6 33.
Qxb7 Rg6 34. Qc8+ Kh7 35. Qf5 Qd4+ 36. Kf3 Qd5+ 37. Kf2 Qc5+ 38. Kf3 Qc6+ 39.
Ke3 Kg8 40. Rc2 Rg3+ 41. Kd4 Qb6+ 42. Kd5 Qd8+ 43. Kc4 g6 44. Qf2 Rxh3 45. Rd2
Qa5 46. Qd4 Qa6+ 47. Kb4 Qb7+ 48. Ka4 Qc6+ 49. Kb4 Qe6 50. Qd5 Qb6+ 51. Ka4
Rh4+ 52. b4 Qa6+ 53. Qa5 Qc6+ 54. Qb5 Qc8 55. Qd5 Kg7 56. Qd6 Rh3 57. Qf6+ Kh6
58. Rd8 Qc2+ 59. Kb5 Qe2+ 60. Ka4 Qc2+ 61. Kb5 Qe2+ 1/2-1/2

[Event "FRA-chT"]
[Site "FRA"]
[Date "1998.04.02"]
[Round "4"]
[White "Verdier, Patrice"]
[Black "Maier, Christian"]
[Result "0-1"]
[WhiteElo "2315"]
[BlackElo "2380"]
[PlyCount "88"]
[EventDate "1998.02.06"]
[Source "ChesBase"]
[SourceDate "1998.07.07"]

1. d4 Nf6 2. c4 g6 3. Nc3 Bg7 4. e4 d6 5. f4 O-O 6. Nf3 Na6 7. Bd3 e5 8. fxe5
dxe5 9. d5 c6 10. O-O Nc5 11. Bc2 cxd5 12. cxd5 Ne8 13. Be3 b6 14. b4 Na6 15.
a3 Nd6 16. Bb3 h6 17. Nd2 Nc7 18. a4 Nce8 19. b5 f5 20. a5 bxa5 21. Bc5 Kh7 22.
Qe2 Rf7 23. Rfb1 Rc7 24. Qf2 Bf8 25. b6 Rxc5 26. Qxc5 Nxe4 27. Qxa5 Bc5+ 28.
Kh1 Bxb6 29. Qa3 Nf2+ 30. Kg1 Ne4+ 31. Kh1 Nxc3 32. Re1 e4 33. Nc4 Nb5 34. Qb4
Ned6 35. Ne5 Qf6 36. Nc6 Bf2 37. Rf1 f4 38. Rac1 e3 39. Bd1 Qh4 40. Ne5 Nf5 41.
g4 fxg3 42. Qxh4 g2+ 43. Kxg2 Nxh4+ 44. Kh1 Bh3 0-1

[Event "FRA-chT"]
[Site "FRA"]
[Date "1998.04.02"]
[Round "4"]
[White "Werner, Isabel"]
[Black "Cursoux, Laurent"]
[Result "0-1"]
[WhiteElo "2215"]
[BlackElo "2190"]
[PlyCount "98"]
[EventDate "1998.02.06"]
[Source "ChesBase"]
[SourceDate "1998.07.07"]

1. e4 c5 2. c3 d5 3. exd5 Qxd5 4. d4 Nc6 5. Nf3 cxd4 6. cxd4 e5 7. Nc3 Bb4 8.
Bd2 Bxc3 9. Bxc3 e4 10. Ne5 Nxe5 11. dxe5 Ne7 12. Qa4+ Bd7 13. Qa3 Qe6 14. Rd1
O-O 15. Qd6 Qxd6 16. exd6 Nf5 17. Be2 Rfd8 18. g4 Nh4 19. O-O Ng6 20. f4 f5 21.
h3 Rac8 22. Kh2 Rc6 23. Kg3 Be6 24. gxf5 Bxf5 25. Be5 Rc5 26. Rc1 Rdc8 27. Rxc5
Rxc5 28. Bc3 Nf8 29. Rd1 Nd7 30. Rd4 b6 31. Bg4 g6 32. Be2 Kf8 33. Ra4 a5 34.
Rd4 Ke8 35. a4 Nf6 36. Rd2 e3 37. Rd4 Ne4+ 38. Kf3 Nxc3 39. bxc3 Rxc3 40. h4 h5
41. Bd1 Bg4+ 42. Kg2 Bxd1 43. Rxd1 e2 44. Re1 Re3 45. Kf2 Re6 46. Rxe2 Rxe2+
47. Kxe2 Kd7 48. Kd3 Kxd6 49. Kd4 Kc6 0-1

[Event "FRA-chT"]
[Site "FRA"]
[Date "1998.04.02"]
[Round "4"]
[White "Werner, Veronika"]
[Black "Piquemal, Christianne"]
[Result "1-0"]
[WhiteElo "2225"]
[BlackElo "2060"]
[PlyCount "93"]
[EventDate "1998.02.06"]
[Source "ChesBase"]
[SourceDate "1998.07.07"]

1. e4 c5 2. c3 Nc6 3. d4 cxd4 4. cxd4 d5 5. exd5 Qxd5 6. Nf3 e5 7. Nc3 Bb4 8.
Bd2 Bxc3 9. Bxc3 e4 10. Ne5 Nxe5 11. dxe5 Ne7 12. Qe2 O-O 13. Rd1 Qc6 14. Bb4
Re8 15. Bxe7 Rxe7 16. Rd8+ Re8 17. Rxe8+ Qxe8 18. Qxe4 Be6 19. Bd3 g6 20. Qe3
Bxa2 21. O-O Bd5 22. h4 Qe6 23. Qg5 Re8 24. Bb5 Bc6 25. Bxc6 Qxc6 26. h5 Qe4
27. f4 Qf5 28. Qxf5 gxf5 29. Rd1 Kg7 30. Rd7 Re6 31. Rxb7 Rb6 32. Rxa7 Rxb2 33.
e6 Re2 34. Rxf7+ Kg8 35. Rxf5 Rxe6 36. Kf2 Kg7 37. Kf3 Re1 38. Kg4 Rg1 39. g3
Rg2 40. Rb5 Rg1 41. Rb7+ Kh6 42. Rb6+ Kg7 43. h6+ Kf7 44. Kh4 Rg2 45. g4 Rc2
46. Kg5 Rg2 47. Rb7+ 1-0

[Event "FRA-chT"]
[Site "FRA"]
[Date "1998.04.03"]
[Round "5"]
[White "Apicella, Manuel"]
[Black "Fontaine, Robert"]
[Result "1/2-1/2"]
[WhiteElo "2520"]
[BlackElo "2365"]
[PlyCount "76"]
[EventDate "1998.02.06"]
[Source "ChesBase"]
[SourceDate "1998.07.07"]

1. e4 c6 2. d4 d5 3. e5 c5 4. dxc5 e6 5. Be3 Nh6 6. c3 Nf5 7. Bd4 Bd7 8. Nf3
Nc6 9. Bd3 Nfxd4 10. cxd4 b6 11. O-O bxc5 12. dxc5 Bxc5 13. Nbd2 Bb6 14. a3 O-O
15. Rc1 f6 16. Rc3 f5 17. Nb3 Rc8 18. Qe2 Na5 19. Rxc8 Qxc8 20. Rc1 Qb8 21.
Nxa5 Bxa5 22. b4 Bb6 23. Ba6 h6 24. h4 Qe8 25. a4 Bxa4 26. b5 Bb3 27. Nd2 Bc4
28. Nxc4 dxc4 29. Qxc4 Qg6 30. Bc8 Re8 31. Kf1 Kh7 32. Rd1 Re7 33. Rd7 Rxd7 34.
Bxd7 f4 35. Bxe6 Qb1+ 36. Ke2 Qb2+ 37. Kd1 Qxe5 38. f3 Qd4+ 1/2-1/2

[Event "FRA-chT"]
[Site "FRA"]
[Date "1998.04.03"]
[Round "5"]
[White "Beghadi, Mourad"]
[Black "Salus, Stephane"]
[Result "0-1"]
[WhiteElo "2205"]
[BlackElo "2200"]
[PlyCount "60"]
[EventDate "1998.02.06"]
[Source "ChesBase"]
[SourceDate "1998.07.07"]

1. e4 e6 2. d4 d5 3. exd5 exd5 4. Bd3 Nf6 5. Bg5 Be7 6. Nd2 Bg4 7. Ne2 c6 8. c3
Nbd7 9. Qc2 h6 10. Bh4 Nh5 11. Bxe7 Qxe7 12. f3 Nf4 13. O-O-O Nxe2+ 14. Bxe2
O-O-O 15. Rde1 Be6 16. Bd3 Qf6 17. g3 Nb6 18. f4 Rhe8 19. Re5 Re7 20. Rhe1 Rde8
21. Qb3 Kc7 22. Qa3 Nc8 23. b4 Bd7 24. c4 g5 25. cxd5 gxf4 26. Ne4 Rxe5 27.
Nxf6 Rxe1+ 28. Kd2 R8e3 29. dxc6 R1e2+ 30. Kc3 Rxd3+ 0-1

[Event "FRA-chT"]
[Site "FRA"]
[Date "1998.04.03"]
[Round "5"]
[White "Benitah, Yohan"]
[Black "Miralles, Gilles"]
[Result "1-0"]
[WhiteElo "2345"]
[BlackElo "2520"]
[PlyCount "73"]
[EventDate "1998.02.06"]
[Source "ChesBase"]
[SourceDate "1998.07.07"]

1. d4 Nf6 2. c4 e6 3. Nc3 d5 4. cxd5 exd5 5. Bg5 c6 6. Qc2 Nbd7 7. e3 Be7 8.
Bd3 Nf8 9. Nge2 g6 10. O-O Ne6 11. Bh4 O-O 12. f3 Re8 13. Rad1 a6 14. Kh1 b5
15. h3 Qb6 16. e4 Nxd4 17. Nxd4 Qxd4 18. Bxb5 Qc5 19. Bf2 Qd6 20. e5 Qxe5 21.
Bxc6 Bd6 22. f4 Qxf4 23. Bg1 Qe5 24. Rxf6 Qxf6 25. Bxe8 Bg4 26. Nxd5 Qg5 27.
Rf1 Bf5 28. Rxf5 gxf5 29. Bd7 Rd8 30. Bxf5 Be5 31. Bxh7+ Kg7 32. Ne3 Bf4 33.
Be4 Qe5 34. Ng4 Qe6 35. Qc3+ f6 36. Qf3 Bg5 37. Bf5 1-0

[Event "FRA-chT"]
[Site "FRA"]
[Date "1998.04.03"]
[Round "5"]
[White "Berend, Elvira S"]
[Black "Flear, Glenn C"]
[Result "1/2-1/2"]
[WhiteElo "2345"]
[BlackElo "2445"]
[PlyCount "105"]
[EventDate "1998.02.06"]
[Source "ChesBase"]
[SourceDate "1998.07.07"]

1. e4 e5 2. Nf3 Nc6 3. Bb5 a6 4. Ba4 Nf6 5. O-O Nxe4 6. d4 b5 7. Bb3 d5 8. dxe5
Be6 9. Nbd2 Nc5 10. c3 Qd7 11. Bc2 Bg4 12. h3 Bh5 13. Re1 Ne6 14. Nf1 Rd8 15.
Ng3 Bg6 16. Nf5 Bc5 17. b4 Bb6 18. a4 d4 19. axb5 axb5 20. N5xd4 Ncxd4 21. cxd4
Bxd4 22. Nxd4 Qxd4 23. Qxd4 Nxd4 24. Bxg6 hxg6 25. Bg5 Rc8 26. Red1 Ne6 27. Be3
Rh4 28. f4 Rd8 29. Rxd8+ Kxd8 30. g3 Rxh3 31. Kg2 Rh7 32. Ra5 Kd7 33. Rxb5 Rh8
34. g4 Kc6 35. Ra5 Rd8 36. f5 gxf5 37. gxf5 Nd4 38. f6 gxf6 39. Ra6+ Kd5 40.
Bxd4 Kxd4 41. Rxf6 Rd7 42. e6 fxe6 43. Rxe6 Kc3 44. b5 Kc4 45. b6 c5 46. Kf3
Kb5 47. Ke3 c4 48. b7 Rxb7 49. Kd2 Rh7 50. Kc3 Rh3+ 51. Kc2 Kb4 52. Rb6+ Kc5
53. Rb8 1/2-1/2

[Event "FRA-chT"]
[Site "FRA"]
[Date "1998.04.03"]
[Round "5"]
[White "Borne, Niels"]
[Black "Mancini, Mario"]
[Result "1/2-1/2"]
[WhiteElo "2305"]
[BlackElo "2320"]
[PlyCount "120"]
[EventDate "1998.02.06"]
[Source "ChesBase"]
[SourceDate "1998.07.07"]

1. d4 Nf6 2. c4 e6 3. Nf3 b6 4. Nc3 Bb7 5. a3 d5 6. cxd5 exd5 7. g3 Be7 8. Bg2
O-O 9. O-O c5 10. Ne5 Nbd7 11. Bf4 Nxe5 12. dxe5 Ne4 13. Nxe4 dxe4 14. Qc2 g5
15. Bd2 Qd5 16. Bc3 f5 17. f4 g4 18. Rfd1 Qe6 19. e3 Ba6 20. Rd2 Bc4 21. b4
Rad8 22. Rc1 Rxd2 23. Qxd2 Rd8 24. Qb2 Bd3 25. Kf2 h5 26. h3 Rc8 27. hxg4 hxg4
28. b5 Kg7 29. Rh1 Rh8 30. Rxh8 Kxh8 31. a4 Kg8 32. Bf1 Bxf1 33. Kxf1 Kf7 34.
a5 Qd5 35. axb6 axb6 36. Qe2 Ke6 37. Ke1 Qb3 38. Bd2 Qb1+ 39. Kf2 Qc2 40. Ke1
Qb1+ 41. Kf2 Kd5 42. Bc3 c4 43. Qd2+ Ke6 44. Bd4 Qxb5 45. Qa2 Qc6 46. Qa6 c3
47. Qa2+ Kd7 48. e6+ Qxe6 49. Qa7+ Ke8 50. Bxc3 Bc5 51. Qb8+ Ke7 52. Qc7+ Qd7
53. Qe5+ Kd8 54. Qb8+ Qc8 55. Qe5 Be7 56. Qd5+ Qd7 57. Qa8+ Qc8 58. Qd5+ Ke8
59. Qg8+ Kd7 60. Qd5+ Ke8 1/2-1/2

[Event "FRA-chT"]
[Site "FRA"]
[Date "1998.04.03"]
[Round "5"]
[White "Bouhallel, Rabah"]
[Black "Tissir, Mohamed"]
[Result "0-1"]
[WhiteElo "2255"]
[BlackElo "2300"]
[PlyCount "84"]
[EventDate "1998.02.06"]
[Source "ChesBase"]
[SourceDate "1998.07.07"]

1. d4 Nf6 2. Nf3 e6 3. c4 d5 4. Nc3 Be7 5. Bg5 Nbd7 6. e3 O-O 7. Rc1 c6 8. Bd3
b6 9. O-O Bb7 10. Qe2 c5 11. Rfd1 Ne4 12. Bxe7 Qxe7 13. cxd5 exd5 14. dxc5
Ndxc5 15. Nd4 Rad8 16. Bb1 Rfe8 17. Qc2 g6 18. b4 Nd7 19. Nxe4 dxe4 20. Qa4 Ne5
21. Qxa7 Qh4 22. h3 Bc8 23. Rxc8 Rxc8 24. Qxb6 Qh5 25. Rf1 Nc4 26. Qa6 Nd2 27.
Re1 Qg5 28. Qe2 Nc4 29. b5 Na3 30. Qb2 Qc5 31. b6 Nc4 32. Qe2 Nxb6 33. Bc2 Nc4
34. Ba4 Re7 35. Rc1 Rec7 36. Bb3 Qb4 37. Rc2 Ne5 38. Qd1 Nd3 39. Rxc7 Rxc7 40.
Nc2 Qc3 41. f3 exf3 42. gxf3 Rd7 0-1

[Event "FRA-chT"]
[Site "FRA"]
[Date "1998.04.03"]
[Round "5"]
[White "Brossard, Armel"]
[Black "Gouret, Thierry"]
[Result "1-0"]
[WhiteElo "2210"]
[BlackElo "2275"]
[PlyCount "83"]
[EventDate "1998.02.06"]
[Source "ChesBase"]
[SourceDate "1998.07.07"]

1. e4 c5 2. Nc3 Nc6 3. g3 g6 4. Bg2 Bg7 5. d3 e6 6. Be3 d6 7. Qd2 Nf6 8. Bh6
Bxh6 9. Qxh6 Bd7 10. Nf3 Qe7 11. O-O Ng4 12. Qd2 O-O 13. h3 Nf6 14. Rae1 Rfe8
15. Nh2 e5 16. f4 exf4 17. Qxf4 Nh5 18. Qf2 Be6 19. g4 Ng7 20. Nf3 f6 21. Qh4
g5 22. Qh6 Rf8 23. Nd5 Bxd5 24. exd5 Ne5 25. Nxe5 dxe5 26. d6 Qxd6 27. Be4 Kf7
28. Bxh7 Ne8 29. Qxg5 Ke7 30. Qe3 Qd4 31. c3 Qxe3+ 32. Rxe3 Nc7 33. Be4 Ne6 34.
Bd5 Kd6 35. Bxe6 Kxe6 36. d4 cxd4 37. cxd4 Rac8 38. Rf5 Rc2 39. dxe5 Rxb2 40.
exf6+ Kf7 41. Re7+ Kg6 42. Rg7+ 1-0

[Event "FRA-chT"]
[Site "FRA"]
[Date "1998.04.03"]
[Round "5"]
[White "Carton, Camille"]
[Black "Sarthou, Gaetan"]
[Result "1-0"]
[WhiteElo "2080"]
[BlackElo "2305"]
[PlyCount "79"]
[EventDate "1998.02.06"]
[Source "ChesBase"]
[SourceDate "1998.07.07"]

1. e4 c5 2. Nf3 d6 3. d4 cxd4 4. Nxd4 Nf6 5. Nc3 a6 6. Be2 e6 7. Be3 Qc7 8. O-O
b5 9. a3 Bb7 10. Bd3 Be7 11. f4 Nbd7 12. g4 h5 13. g5 Ng4 14. Qf3 g6 15. Bd2
Qb6 16. Nce2 O-O 17. Kg2 e5 18. h3 f5 19. Ne6 exf4 20. Nxf8 Rxf8 21. hxg4 Ne5
22. Qf2 f3+ 23. Kg3 Qxf2+ 24. Rxf2 fxe4 25. gxh5 exd3 26. Nf4 dxc2 27. Nxg6
Nxg6 28. hxg6 Be4 29. Rh1 d5 30. Rh6 Bd6+ 31. Kg4 Be5 32. g7 Kxg7 33. Rxa6 Bxb2
34. Rc6 d4 35. Rc5 Bd3 36. Rc7+ Kg8 37. Rxf3 Rxf3 38. Kxf3 Bc4 39. Ke4 d3 40.
a4 1-0

[Event "FRA-chT"]
[Site "FRA"]
[Date "1998.04.03"]
[Round "5"]
[White "Chabanon, Jean Luc"]
[Black "Kinsman, Andrew PH"]
[Result "1-0"]
[WhiteElo "2465"]
[BlackElo "2430"]
[PlyCount "77"]
[EventDate "1998.02.06"]
[Source "ChesBase"]
[SourceDate "1998.07.07"]

1. d4 e6 2. c4 Nf6 3. Nc3 c5 4. d5 exd5 5. cxd5 d6 6. e4 g6 7. h3 Bg7 8. Bd3
O-O 9. Nge2 b6 10. O-O Ba6 11. Bxa6 Nxa6 12. Bg5 Nc7 13. f4 Qd7 14. Ng3 Rfe8
15. Qf3 h6 16. Bxf6 Bxf6 17. e5 dxe5 18. Nce4 Bg7 19. f5 Rad8 20. d6 Nb5 21.
fxg6 fxg6 22. Qb3+ Re6 23. Rad1 Kh7 24. Rd2 Nd4 25. Qd5 Rf8 26. Rdf2 Rxf2 27.
Rxf2 Kh8 28. h4 Qc6 29. Qxc6 Nxc6 30. Rf7 Kg8 31. Rc7 Nd8 32. h5 Kf8 33. Rxa7
gxh5 34. Nf5 Bf6 35. Nxh6 Ke8 36. Nf5 Nc6 37. Rh7 Nd4 38. d7+ Kd8 39. Nfd6 1-0

[Event "FRA-chT"]
[Site "FRA"]
[Date "1998.04.03"]
[Round "5"]
[White "Collas, Didier"]
[Black "Poulton, James"]
[Result "1-0"]
[WhiteElo "2355"]
[BlackElo "2365"]
[PlyCount "109"]
[EventDate "1998.02.06"]
[Source "ChesBase"]
[SourceDate "1998.07.07"]

1. e4 e6 2. d4 d5 3. Nc3 Bb4 4. e5 c5 5. Bd2 Ne7 6. a3 cxd4 7. axb4 dxc3 8.
Bxc3 O-O 9. Nf3 Nd7 10. g3 Nb6 11. b5 a6 12. bxa6 bxa6 13. Bd3 Nc6 14. O-O Nd7
15. Re1 Nc5 16. Bb5 Qb6 17. Bxc6 Qxc6 18. Bb4 Re8 19. Nd4 Qb6 20. Bxc5 Qxc5 21.
Qd2 Rb8 22. b3 Bb7 23. Ra5 Qc7 24. h4 h6 25. Re3 Rbc8 26. Ra1 Qe7 27. Rae1 Rc7
28. Rf3 Rec8 29. Ree3 Ra8 30. Rf4 Bc8 31. Ref3 Qc5 32. Rg4 Kh7 33. Qd3+ Kh8 34.
Qe3 Kh7 35. Rf6 Qf8 36. Rff4 Bd7 37. Qf3 Bc8 38. Qd3+ Kh8 39. Qg6 Qg8 40. Qh5
Raa7 41. Rf6 Qf8 42. Nf3 gxf6 43. exf6 Rxc2 44. Rg7 Qxg7 45. fxg7+ Kxg7 46. Ne5
Rac7 47. Ng4 Kf8 48. Qxh6+ Ke8 49. Qh8+ Kd7 50. Qf8 Kc6 51. h5 Kb6 52. h6 f5
53. Qb4+ Ka7 54. Nf6 Bb7 55. Qd4+ 1-0

[Event "FRA-chT"]
[Site "FRA"]
[Date "1998.04.03"]
[Round "5"]
[White "De Sousa, Jose"]
[Black "Lamoureux, Charles"]
[Result "1/2-1/2"]
[WhiteElo "2230"]
[BlackElo "2370"]
[PlyCount "144"]
[EventDate "1998.02.06"]
[Source "ChesBase"]
[SourceDate "1998.07.07"]

1. e4 c5 2. Nf3 e6 3. d4 cxd4 4. Nxd4 a6 5. g3 Nc6 6. Bg2 Nxd4 7. Qxd4 Ne7 8.
Bf4 Nc6 9. Qd2 d6 10. Nc3 Be7 11. Rd1 Ne5 12. Qe2 Bd7 13. O-O Rc8 14. Bc1 Rxc3
15. bxc3 Bb5 16. Qe3 Bxf1 17. Bxf1 O-O 18. f4 Nc6 19. c4 Qc7 20. Ba3 Rd8 21.
Rb1 Bf6 22. Rd1 Be7 23. Rb1 Rd7 24. c5 d5 25. exd5 Rxd5 26. Bg2 Rd7 27. Kh1 h6
28. h3 Qd8 29. Kh2 Rd2 30. Qe4 Qd4 31. Qxd4 Nxd4 32. c6 Bxa3 33. cxb7 Bd6 34.
b8=Q+ Bxb8 35. Rxb8+ Kh7 36. Kg1 Nxc2 37. Rb2 Rd1+ 38. Kf2 Nd4 39. g4 f5 40.
Ke3 Kg6 41. Rb6 a5 42. Ra6 Kf6 43. Rxa5 g5 44. gxf5 exf5 45. Ra6+ Ne6 46. fxg5+
hxg5 47. Bf3 Re1+ 48. Kf2 Re5 49. a4 Rc5 50. Rc6 Ra5 51. Be2 Ke5 52. Bb5 Ra7
53. Rc3 Nd4 54. Rc4 Nxb5 55. axb5 Ra2+ 56. Kf3 Ra3+ 57. Kg2 Rb3 58. Rc5+ Ke4
59. Rc4+ Kd5 60. Rc8 Rxb5 61. Rg8 Ke4 62. Rxg5 Rb2+ 63. Kf1 Rb3 64. Kf2 Kf4 65.
h4 Rh3 66. Kg2 Rxh4 67. Rg8 Rh7 68. Ra8 Rb7 69. Ra4+ Kg5 70. Kf3 Rb3+ 71. Kf2
f4 72. Ra8 Kg4 1/2-1/2

[Event "FRA-chT"]
[Site "FRA"]
[Date "1998.04.03"]
[Round "5"]
[White "Dieu, Bruno"]
[Black "Marciano, David"]
[Result "0-1"]
[WhiteElo "2275"]
[BlackElo "2485"]
[PlyCount "82"]
[EventDate "1998.02.06"]
[Source "ChesBase"]
[SourceDate "1998.07.07"]

1. Nc3 e5 2. Nf3 Nc6 3. d4 exd4 4. Nxd4 Nf6 5. Bg5 Bb4 6. Qd3 O-O 7. O-O-O Bxc3
8. bxc3 h6 9. Bh4 d6 10. Nxc6 bxc6 11. e4 Qe7 12. f3 d5 13. Qd4 Qa3+ 14. Kd2 c5
15. Qe3 dxe4 16. Bxf6 gxf6 17. Qxe4 Be6 18. Bd3 f5 19. Qe5 c4 20. Be2 Qxa2 21.
Ke1 Qxc2 22. Kf2 Rad8 23. Rxd8 Rxd8 24. Qxc7 Rd5 25. Qxa7 Qxc3 26. Ra1 Kh7 27.
Ra3 Qb2 28. Ra2 Qe5 29. g3 f4 30. g4 Rd4 31. Rc2 Qe3+ 32. Kg2 c3 33. Qa3 Rd2
34. Rxd2 Qxd2 35. Kf1 Kg7 36. Qa5 Qc1+ 37. Kg2 Qe3 38. Bd1 Qd2+ 39. Kh3 Qxd1
40. Qxc3+ Kg6 41. Kh4 Qe2 0-1

[Event "FRA-chT"]
[Site "FRA"]
[Date "1998.04.03"]
[Round "5"]
[White "Duquesnoy, Jean Philip"]
[Black "Giffard, Nicolas"]
[Result "0-1"]
[WhiteElo "2240"]
[BlackElo "2395"]
[PlyCount "90"]
[EventDate "1998.02.06"]
[Source "ChesBase"]
[SourceDate "1998.07.07"]

1. d4 Nf6 2. c4 d6 3. Nc3 g6 4. e4 Bg7 5. f3 c6 6. Be3 a6 7. Bd3 b5 8. Nge2
bxc4 9. Bxc4 d5 10. Bb3 dxe4 11. Nxe4 Nd5 12. Bg5 h6 13. Bd2 a5 14. O-O Ba6 15.
Kh1 a4 16. Bc2 Bxe2 17. Qxe2 Bxd4 18. Rad1 Bxb2 19. f4 Qc7 20. f5 g5 21. f6 e6
22. Qh5 Nd7 23. Bxg5 Be5 24. g3 c5 25. Bc1 Qc6 26. Qf3 Bd4 27. Bd3 Rb8 28. Bf4
e5 29. Rfe1 Nc3 30. Rc1 Nxe4 31. Bxe4 Qxf6 32. Bc6 O-O 33. Bxd7 exf4 34. gxf4
Rb2 35. Bh3 Rxa2 36. Bg2 Kh7 37. Qd5 Rf2 38. Rf1 Rb2 39. Qh5 a3 40. Bd5 Rd2 41.
Rcd1 Rxd1 42. Qxd1 Qa6 43. Ba2 Re8 44. Qf3 Re3 45. Qg2 Re2 0-1

[Event "FRA-chT"]
[Site "FRA"]
[Date "1998.04.03"]
[Round "5"]
[White "Flouzat, Jean Marc"]
[Black "Julve, Philippe"]
[Result "0-1"]
[WhiteElo "2225"]
[BlackElo "2235"]
[PlyCount "160"]
[EventDate "1998.02.06"]
[Source "ChesBase"]
[SourceDate "1998.07.07"]

1. d4 g6 2. e4 Bg7 3. c3 d6 4. Nf3 Nd7 5. Bc4 e6 6. Bg5 Ne7 7. Qe2 h6 8. Bh4 a6
9. a4 b6 10. Nbd2 Bb7 11. h3 Nf6 12. Bxf6 Bxf6 13. O-O Bg7 14. a5 b5 15. Bd3
O-O 16. Bc2 Rb8 17. Rfd1 Qc8 18. e5 Rd8 19. Ne4 Bxe4 20. Qxe4 b4 21. c4 b3 22.
Bd3 c5 23. d5 dxe5 24. Nxe5 exd5 25. cxd5 Rb4 26. Bc4 Bxe5 27. Qxe5 Nf5 28. Qe2
Rd6 29. Rac1 Qd8 30. Bxa6 Qxa5 31. Qe8+ Kg7 32. Bd3 Rd8 33. Qc6 Ne7 34. Qxc5
Qxc5 35. Rxc5 Rxd5 36. Rxd5 Nxd5 37. Bxg6 Nb6 38. Bd3 Ra4 39. Kf1 Ra2 40. Rd2
Kf6 41. Ke2 Ke5 42. g3 f5 43. f4+ Ke6 44. Ke3 Ra1 45. Kd4 Rg1 46. Re2+ Kf6 47.
Re5 Rxg3 48. Rxf5+ Ke7 49. Rb5 Na4 50. Rxb3 Rxh3 51. Rb4 Nc5 52. Bf5 Rh5 53.
Bg4 Rh4 54. Kxc5 Rxg4 55. Rd4 h5 56. b4 h4 57. b5 h3 58. Kc6 Kf6 59. Rd6+ Kg7
60. Rd2 Kf6 61. Rh2 Rg3 62. b6 Rc3+ 63. Kb5 Rb3+ 64. Kc6 Rc3+ 65. Kd7 Rd3+ 66.
Kc8 Rc3+ 67. Kb8 Kf5 68. Rf2 Kg4 69. f5 Kg3 70. Rf1 Kg2 71. Rf4 h2 72. f6 h1=Q
73. f7 Qh6 74. f8=Q Qxb6+ 75. Ka8 Qc6+ 76. Kb8 Qb6+ 77. Ka8 Qa5+ 78. Kb8 Rb3+
79. Kc8 Qa6+ 80. Kd8 Rb8+ 0-1

[Event "FRA-chT"]
[Site "FRA"]
[Date "1998.04.03"]
[Round "5"]
[White "Giacomini, Hector"]
[Black "Beikert, Guenther"]
[Result "0-1"]
[WhiteElo "2305"]
[BlackElo "2495"]
[PlyCount "74"]
[EventDate "1998.02.06"]
[Source "ChesBase"]
[SourceDate "1998.07.07"]

1. d4 d5 2. Nf3 Nf6 3. c4 c6 4. e3 Bf5 5. Bd3 e6 6. Nc3 Bb4 7. Bxf5 exf5 8. Qb3
a5 9. cxd5 Qxd5 10. Qxd5 Nxd5 11. Bd2 Nf6 12. O-O Nbd7 13. Ne1 Nb6 14. Nd3 O-O
15. Rfd1 Rfe8 16. Rac1 Bd6 17. Be1 g5 18. Nc5 Re7 19. N3a4 Nbd5 20. Nc3 Kg7 21.
Nxd5 Nxd5 22. Bd2 Kg6 23. Nd3 a4 24. a3 Rae8 25. Re1 f4 26. exf4 Rxe1+ 27. Rxe1
Rxe1+ 28. Nxe1 Nxf4 29. Kf1 Kf5 30. g3 Ne6 31. Nc2 Ke4 32. Ke2 g4 33. Bc3 h5
34. Ne3 Nxd4+ 35. Bxd4 Kxd4 36. Kd2 Be5 37. Ke2 Kc5 0-1

[Event "FRA-chT"]
[Site "FRA"]
[Date "1998.04.03"]
[Round "5"]
[White "Hagege, Gerard"]
[Black "Blachier, Pierre"]
[Result "1/2-1/2"]
[WhiteElo "2205"]
[BlackElo "2145"]
[PlyCount "82"]
[EventDate "1998.02.06"]
[Source "ChesBase"]
[SourceDate "1998.07.07"]

1. e4 Nf6 2. e5 Nd5 3. d4 d6 4. Nf3 Bg4 5. Be2 e6 6. O-O Be7 7. h3 Bh5 8. c4
Nb6 9. exd6 cxd6 10. Be3 O-O 11. Nbd2 Nc6 12. a3 d5 13. c5 Nd7 14. b4 a6 15.
Re1 f6 16. Qb3 Bf7 17. a4 a5 18. b5 Nb4 19. Rac1 Rc8 20. Rc3 e5 21. c6 bxc6 22.
bxc6 Rxc6 23. Rxc6 Nxc6 24. Qb5 Nxd4 25. Bxd4 exd4 26. Nxd4 Qb6 27. Qxd7 Qxd4
28. Nf3 Qb4 29. Bd3 Bd6 30. Qf5 Bg6 31. Qxd5+ Bf7 32. Qf5 Bg6 33. Qe6+ Bf7 34.
Qd7 Qf4 35. Bf5 Bb4 36. Re3 Qd6 37. g3 Qxd7 38. Bxd7 Rd8 39. Bb5 Kf8 40. h4
Rd1+ 41. Kg2 h6 1/2-1/2